Antologia del blues /
Saved in:
| Andre forfattere: | , |
|---|---|
| Format: | Bog |
| Sprog: | italiensk engelsk |
| Udgivet: |
Roma :
TEN,
1994
|
| Serier: | Centopaginemillelire ;
150 |
| Fag: | |
| Tags: |
Ingen Tags, Vær først til at tagge denne postø!
|
MARC
| LEADER | 00000nam a22000007i 4500 | ||
|---|---|---|---|
| 001 | IT\ICCU\RAV\0236019 | ||
| 003 | ItRI | ||
| 005 | 20260115231936.0 | ||
| 008 | 940502s1994 it |||||| ||||| |||||c | ||
| 020 | |a 8879834452 | ||
| 040 | |b ita |c importazione bologna sebina | ||
| 041 | 7 | |a ita |a eng |2 ISO-639-2 | |
| 082 | |a 784.53 |9 CANZONI A LARGA DIFFUSIONE. BLUES |2 19 | ||
| 130 | 0 | |a Blues. |3 IT\ICCU\PUV\1145371 | |
| 245 | 0 | 0 | |a Antologia del blues / |c traduzione integrale e cura di Elena Clementelli e Walter Mauro. |
| 260 | |a Roma : |b TEN, |c 1994 | ||
| 300 | |a 95 p. ; |c 20 cm | ||
| 500 | |a Testo orig. a fronte. | ||
| 650 | 7 | |a Blues | |
| 700 | 1 | |a Clementelli, Elena |0 IT\ICCU\CFIV\103674 |4 edt | |
| 700 | 1 | |a Clementelli, Elena |0 IT\ICCU\CFIV\103674 |4 trl | |
| 700 | 1 | |a Mauro, Walter |0 IT\ICCU\CFIV\109841 |4 edt | |
| 700 | 1 | |a Mauro, Walter |0 IT\ICCU\CFIV\109841 |4 trl | |
| 830 | 0 | |a Centopaginemillelire ; |v 150 |0 IT\ICCU\RAV\0196182 | |
| 942 | |2 ddc |c BK |n 0 | ||
| 952 | |0 0 |1 0 |4 0 |6 DOC_782_421000000000000_ANT |7 0 |9 17298 |a BO |b BO |d 2026-01-15 |i 10205 |l 0 |o DOC 782.421 ANT |p BO10205 |r 2026-01-15 23:19:36 |w 2026-01-15 |x [Sebina 5] [1 v.] |y BK |z 1 v. | ||
| 952 | |0 0 |1 0 |4 0 |6 DOC_782_421000000000000_ANT |7 0 |9 17299 |a BO |b BO |d 2026-01-15 |i 14288 |l 0 |o DOC 782.421 ANT |p BO14288 |r 2026-01-15 23:19:36 |w 2026-01-15 |x [Sebina 5] [1 v.] |y BK |z 1 v. | ||
| 999 | |c 14770 |d 14770 | ||